000 00778nam a2200229Ia 4500
003 GCL
008 140319s9999 xx 000 0 ara d
020 _a977534493X
040 _aGCL /
_cGCL
082 0 4 _a330.905
_bك ق
100 1 _aكيندى ,جول
245 1 0 _aالقوى العظمى :
_bالتغيرات الاقتصادية و الصراع العسكرى من 1500 الى 2000 /
_cكيندى ,جول
700 1 _aعبدالوهاب علوب
260 _aالكويت :
_bدار سعاد الصباح ،
_c1993
300 _a728 ص ؛
_c22 سم
490 _aكتاب
_v0
650 0 4 _aالاقتصاد
650 0 4 _aالتكامل الاقتصادى
650 0 4 _aالاقتصاد الدولى
650 0 4 _aالاقتصاد الحر
942 _2ddc
_cBK
999 _c30727
_d30727